000 00951nam a22002897a 4500
001 BR7904542
003 BR-BrBNA
005 20230928090042.0
007 ta
008 230509b bl.||||| |||| 00| 0 por d
040 _aBR-BrBNA
_bpor
_cBiblioteca Nacional de Agricultura
041 _a(Por)
072 _aL10
_b/G514
090 _ L10 BR7904542
100 1 _aFerreira, J.J.
100 1 _aLacort, W.M.
100 1 _aMoraes,
110 1 _aSecretaria Nacional de Producao Agropecuaria, Brasilia, DF (Brasil). Secretaria de Producao Animal. Coordenadoria de Reproducao e Inseminacao Artificial
_99237
245 1 _aInseminacao artificial fator de progresso da producao animal [Pecuaria; Manejo; Brasil]
260 3 _aBrasilia, DF (Brasil):
_c1979.
300 _a20 p.
650 _aMelhoramento genetico animal
650 _aInseminacao artificial
650 _aReproducao animal
909 _a202309
_bLucia
_c55
_dLucia Elande
942 _cBK
999 _c27610
_d27610